[Event "Quimper op 5th"]
[Site "Quimper"]
[Date "2014.10.31"]
[Round "3"]
[White "Bertrand, Nicolas"]
[Black "Caroff, Frederic"]
[Result "1-0"]
[WhiteElo "1938"]
[BlackElo "2127"]
[PlyCount "59"]
[EventDate "2014.10.31"]
[EventType "swiss"]
[EventRounds "7"]
[EventCountry "FRA"]
[SourceTitle "EXT 2016"]
[Source "ChessBase"]
[SourceDate "2015.10.08"]
[SourceVersion "1"]
[SourceVersionDate "2015.10.08"]
[SourceQuality "1"]

1. e4 c5 2. f4 e6 3. Nf3 a6 4. d4 cxd4 5. Nxd4 Nf6 6. Nc3 Bb4 7. Bd3 Nc6 8. Nxc6 bxc6 9. 0-0 h5 10. e5 Nd5 11. Ne4 Qb6+ 12. Kh1 Ne3 13. Bxe3 Qxe3 14. Rf3 Qb6 15. f5 exf5 16. Nd6+ Bxd6 17. exd6 0-0 18. Rxf5 g6 19. Rxh5 Qxb2 20. Rh3 Qg7 21. Rb1 a5 22. Re3 Qd4 23. Qe1 Qxd6 24. Qh4 Rb8 25. Rf1 Rb4 26. c4 f5 27. Rh3 Kf7 28. Re1 Ba6 29. Qh7+ Kf6 30. Rg3 1-0

[Event "Marseille op 4th"]
[Site "Marseille"]
[Date "2011.12.27"]
[Round "4"]
[White "Tourtet, Jeremy"]
[Black "Bertrand, Nicolas"]
[Result "0-1"]
[WhiteElo "1386"]
[BlackElo "1460"]
[PlyCount "57"]
[EventDate "2011.12.26"]
[EventType "swiss"]
[EventRounds "9"]
[EventCountry "FRA"]
[SourceTitle "CBM 146 Extra"]
[Source "ChessBase"]
[SourceDate "2012.02.29"]
[SourceVersion "1"]
[SourceVersionDate "2012.02.29"]
[SourceQuality "1"]

1. d4 Nf6 2. Nf3 g6 3. Bf4 Bg7 4. e3 d6 5. Bd3 0-0 6. 0-0 Nbd7 7. Nbd2 c5 8. c3 b6 9. a3 Bb7 10. b4 Rc8 11. Re1 Nd5 12. Qb3 Nxf4 13. exf4 Nf6 14. f5 Re8 15. fxg6 hxg6 16. Bxg6 Rf8 17. Ng5 d5 18. c4 dxc4 19. Bxf7+ Rxf7 20. Qxc4 Bd5 21. Qe2 Rf8 22. Nde4 Bxe4 23. Nxe4 Nxe4 24. Qxe4 Qxd4 25. Qxd4 Bxd4 26. Ra2 e5 27. Ree2 cxb4 28. g3 b3 29. Rad2 0-1

[Event "Quimper op 1st"]
[Site "Quimper"]
[Date "2010.10.30"]
[Round "2"]
[White "Bertrand, Nicolas"]
[Black "Berthou, Patrick"]
[Result "1-0"]
[WhiteElo "1958"]
[BlackElo "1696"]
[PlyCount "25"]
[EventDate "2010.10.30"]
[EventType "swiss"]
[EventRounds "7"]
[EventCountry "FRA"]
[SourceTitle "EXT 2012"]
[Source "ChessBase"]
[SourceDate "2011.11.24"]
[SourceVersion "1"]
[SourceVersionDate "2011.11.24"]
[SourceQuality "1"]

1. e4 d6 2. Nc3 Nf6 3. Bc4 c5 4. f4 Bg4 5. Nf3 Nc6 6. e5 Bxf3 7. Qxf3 dxe5 8. fxe5 Nd4 9. Qd3 Ng4 10. Qe4 Nxe5 11. Qxe5 Nxc2+ 12. Kd1 Nxa1 13. Bb5+ 1-0

[Event "Marseille op 2nd "]
[Site "Marseille"]
[Date "2009.12.26"]
[Round "1"]
[White "Bertrand, Nicolas"]
[Black "Martin, Axel"]
[Result "0-1"]
[WhiteElo "1050"]
[BlackElo "1784"]
[PlyCount "36"]
[EventDate "2009.12.26"]
[EventType "swiss"]
[EventRounds "9"]
[EventCountry "FRA"]
[SourceTitle "CBM 134 Extra"]
[Source "ChessBase"]
[SourceDate "2010.03.03"]
[SourceVersion "1"]
[SourceVersionDate "2010.03.03"]
[SourceQuality "1"]

1. d4 Nf6 2. Nf3 e6 3. Bf4 b6 4. e3 Bb7 5. Nc3 Bb4 6. a3 Bxc3+ 7. bxc3 d6 8. Bb5+ Nbd7 9. h4 Ne4 10. h5 h6 11. Rh3 Nxc3 12. Bxd7+ Qxd7 13. Qc1 Ne4 14. Qd1 Qa4 15. Qd3 Qa5+ 16. Nd2 d5 17. Bxc7 Ba6 18. Qb3 Qxd2# 0-1

[Event "Fouesnant op 15th"]
[Site "Fouesnant"]
[Date "2009.10.30"]
[Round "8"]
[White "Bertrand, Nicolas"]
[Black "Algaba, Pedro"]
[Result "1-0"]
[WhiteElo "1923"]
[BlackElo "1874"]
[PlyCount "69"]
[EventDate "2009.10.26"]
[EventType "swiss"]
[EventRounds "9"]
[EventCountry "FRA"]
[SourceTitle "EXT 2010"]
[Source "ChessBase"]
[SourceDate "2010.11.25"]
[SourceVersion "1"]
[SourceVersionDate "2010.11.25"]
[SourceQuality "1"]

1. e4 c5 2. Nc3 d6 3. f4 Nc6 4. Nf3 g6 5. Bb5 Bd7 6. 0-0 Bg7 7. d3 a6 8. Bxc6 Bxc6 9. Qe1 e6 10. Bd2 b5 11. e5 Bxf3 12. Rxf3 dxe5 13. fxe5 Qd4+ 14. Kh1 Qxe5 15. Qf2 Qc7 16. Bf4 Qc6 17. Be3 f5 18. Bxc5 Nf6 19. Re1 Kf7 20. h3 Rhe8 21. Bd4 Rad8 22. Bxf6 Bxf6 23. Ne4 Be7 24. c3 Rd7 25. Nd2 Red8 26. d4 b4 27. Rfe3 bxc3 28. bxc3 Bg5 29. Nf3 Bf4 30. Qh4 g5 31. Qxh7+ Kf8 32. Qh6+ Kg8 33. Rxe6 Rd6 34. Qg6+ Kh8 35. Re8+ 1-0

[Event "Fouesnant op 15th"]
[Site "Fouesnant"]
[Date "2009.10.26"]
[Round "4"]
[White "Bertrand, Nicolas"]
[Black "Picart, Laurent"]
[Result "1-0"]
[WhiteElo "1923"]
[BlackElo "2170"]
[PlyCount "35"]
[EventDate "2009.10.26"]
[EventType "swiss"]
[EventRounds "9"]
[EventCountry "FRA"]
[SourceTitle "EXT 2010"]
[Source "ChessBase"]
[SourceDate "2010.11.25"]
[SourceVersion "1"]
[SourceVersionDate "2010.11.25"]
[SourceQuality "1"]

1. e4 c6 2. d4 d5 3. Nc3 dxe4 4. Bc4 Nf6 5. f3 exf3 6. Nxf3 e6 7. 0-0 Be7 8. Qe1 0-0 9. Bg5 Nbd7 10. Qh4 Re8 11. Bd3 Nf8 12. Ne5 Ng6 13. Bxg6 hxg6 14. Rf3 Nh7 15. Rh3 Bxg5 16. Qxh7+ Kf8 17. Qh8+ Ke7 18. Qxg7 1-0

[Event "Fouesnant op 15th"]
[Site "Fouesnant"]
[Date "2009.10.24"]
[Round "1"]
[White "Bertrand, Benjamin"]
[Black "Bertrand, Nicolas"]
[Result "1/2-1/2"]
[WhiteElo "1570"]
[BlackElo "1923"]
[PlyCount "57"]
[EventDate "2009.10.26"]
[EventType "swiss"]
[EventRounds "9"]
[EventCountry "FRA"]
[SourceTitle "EXT 2010"]
[Source "ChessBase"]
[SourceDate "2010.11.25"]
[SourceVersion "1"]
[SourceVersionDate "2010.11.25"]
[SourceQuality "1"]

1. e4 c5 2. Nf3 d6 3. d4 cxd4 4. Nxd4 g6 5. Nc3 Nf6 6. Be3 Bg7 7. f3 Nc6 8. Bc4 0-0 9. Qd2 Bd7 10. h4 h5 11. Nxc6 bxc6 12. Bb3 Qa5 13. 0-0-0 Rfd8 14. Bh6 Be6 15. Bxg7 Kxg7 16. Bxe6 fxe6 17. Rhe1 e5 18. Rg1 Kf7 19. g4 Rab8 20. g5 Qb4 21. b3 Nd7 22. Rdf1 Kg7 23. f4 exf4 24. Rxf4 Ne5 25. Rgf1 a5 26. Qe3 Rf8 27. Rxf8 Rxf8 28. Rxf8 Kxf8 29. Qf4+ 1/2-1/2

[Event "Fouesnant op 13th"]
[Site "Fouesnant"]
[Date "2007.11.02"]
[Round "8"]
[White "Tirard, Hugo"]
[Black "Bertrand, Nicolas"]
[Result "1-0"]
[WhiteElo "2491"]
[BlackElo "1867"]
[PlyCount "43"]
[EventDate "2007.10.27"]
[EventType "swiss"]
[EventRounds "9"]
[EventCountry "FRA"]
[SourceTitle "EXT 2008"]
[Source "ChessBase"]
[SourceDate "2007.11.25"]
[SourceVersion "1"]
[SourceVersionDate "2007.11.25"]
[SourceQuality "1"]

1. e4 Nf6 2. e5 Nd5 3. Nc3 Nxc3 4. bxc3 d6 5. f4 dxe5 6. fxe5 c5 7. Nf3 Bg4 8. h3 Bh5 9. e6 Qd6 10. exf7+ Bxf7 11. Bb5+ Nc6 12. 0-0 Bh5 13. d4 cxd4 14. cxd4 0-0-0 15. c3 e5 16. Bxc6 Qxc6 17. Nxe5 Qxc3 18. Qxh5 Qxa1 19. Qf5+ Kc7 20. Qf7+ Kb8 21. Nc6+ Ka8 22. Bg5 1-0

[Event "FRA-chT3 Gr06 0607"]
[Site "France"]
[Date "2007.04.01"]
[Round "9.7"]
[White "Duval, Michel"]
[Black "Bertrand, Nicolas"]
[Result "1/2-1/2"]
[WhiteElo "1822"]
[BlackElo "1970"]
[PlyCount "69"]
[EventDate "2006.10.15"]
[EventType "team-tourn"]
[EventRounds "9"]
[EventCountry "FRA"]
[SourceTitle "EXT 2008"]
[Source "ChessBase"]
[SourceDate "2007.11.25"]
[SourceVersion "1"]
[SourceVersionDate "2007.11.25"]
[SourceQuality "1"]
[WhiteTeam "St Hilaire Petitville"]
[BlackTeam "Quimper"]
[WhiteTeamCountry "FRA"]
[BlackTeamCountry "FRA"]

1. e4 Nf6 2. Nc3 d5 3. e5 Ne4 4. Nxe4 dxe4 5. d4 exd3 6. Qxd3 Qxd3 7. Bxd3 Nc6 8. Bf4 Be6 9. a3 h6 10. h4 g6 11. 0-0-0 Bg7 12. Re1 Bd5 13. f3 0-0-0 14. Nh3 Nd4 15. Nf2 Ne6 16. Bg3 h5 17. Ne4 Bh6+ 18. Kb1 Rd7 19. Rhg1 Rhd8 20. Bh2 Bxe4 21. Rxe4 Nc5 22. Rc4 Ne6 23. f4 Rd4 24. Rf1 c6 25. g3 Ng7 26. Rxd4 Rxd4 27. Bg1 Ra4 28. Bc5 e6 29. Bb4 a5 30. b3 Rxb4 31. axb4 axb4 32. Kb2 Ne8 33. Ra1 Nc7 34. c4 Bf8 35. Rg1 1/2-1/2

[Event "Fouesnant op 12th"]
[Site "Fouesnant"]
[Date "2006.10.30"]
[Round "4"]
[White "Bertrand, Nicolas"]
[Black "Deslias, Gregoire"]
[Result "1-0"]
[WhiteElo "1990"]
[BlackElo "1610"]
[PlyCount "63"]
[EventDate "2006.10.28"]
[EventType "swiss"]
[EventRounds "9"]
[EventCountry "FRA"]
[SourceTitle "EXT 2008"]
[Source "ChessBase"]
[SourceDate "2007.11.25"]
[SourceVersion "1"]
[SourceVersionDate "2007.11.25"]
[SourceQuality "1"]

1. e4 e5 2. f4 Bc5 3. Nf3 d6 4. Nc3 Bg4 5. Bc4 Nc6 6. h3 Bxf3 7. Qxf3 Nd4 8. Qg3 Qf6 9. Nd5 Qd8 10. Qxg7 c6 11. Qxh8 Kd7 12. Qxg8 Qh4+ 13. g3 Rxg8 14. gxh4 cxd5 15. Bb3 exf4 16. exd5 Nf3+ 17. Ke2 Nxh4 18. d4 f3+ 19. Kd3 Bb6 20. Be3 Rg2 21. Rag1 Re2 22. Ba4+ Kc8 23. Rf1 Ng2 24. Rxf3 Re1 25. Rxe1 Nxe1+ 26. Ke2 Ng2 27. c3 Bd8 28. Rxf7 Nh4 29. Rf8 Ng6 30. Rg8 Ne7 31. Re8 Nxd5 32. Bg5 1-0

[Event "Finistere-chT 0304"]
[Site "Finistere"]
[Date "2004.03.20"]
[Round "6.1"]
[White "Hochart, Jean Luc"]
[Black "Bertrand, Nicolas"]
[Result "1-0"]
[WhiteElo "2050"]
[BlackElo "1960"]
[PlyCount "115"]
[EventDate "2003.10.??"]
[EventType "team-swiss"]
[EventRounds "6"]
[EventCountry "FRA"]
[SourceTitle "EXT 2005"]
[Source "ChessBase"]
[SourceDate "2004.11.15"]
[SourceVersion "1"]
[SourceVersionDate "2004.11.15"]
[SourceQuality "1"]

1. e4 Nf6 2. e5 Nd5 3. c4 Nb6 4. c5 Nd5 5. Nc3 Nxc3 6. dxc3 e6 7. Be3 Nc6 8. Nf3 b6 9. cxb6 axb6 10. Bb5 Bb7 11. 0-0 Be7 12. Bd3 0-0 13. Qc2 h6 14. Rfd1 d5 15. Qd2 Ba6 16. Bb1 f5 17. exf6 Bxf6 18. Qc2 Kf7 19. Bxh6 gxh6 20. Qh7+ Bg7 21. Qg6+ Kg8 22. Qxe6+ Kh8 23. Qg6 Kg8 24. Qxc6 Rxf3 25. gxf3 Qg5+ 26. Kh1 Rd8 27. Qe6+ Kf8 28. Bg6 Qf4 29. Qg4 Qf6 30. Qf5 Be2 31. Qxf6+ Bxf6 32. Re1 Bxf3+ 33. Kg1 d4 34. Be4 Bg4 35. cxd4 Bxd4 36. Rac1 c5 37. b3 Rd7 38. Bg2 Rf7 39. Rc2 Rg7 40. Kf1 Bc8 41. Rd1 Ba6+ 42. Kg1 Bb7 43. Rxd4 cxd4 44. f3 d3 45. Rf2 Ba6 46. Rd2 Rc7 47. Kf2 Rc2 48. Ke3 Rc1 49. f4 Ke7 50. Be4 Re1+ 51. Kf3 Rf1+ 52. Kg3 Re1 53. Bh7 Re3+ 54. Kf2 Rh3 55. Ke1 Kd6 56. Rf2 Ke7 57. Kd2 Kf6 58. a3 1-0

[Event "Finistere-chT 0304"]
[Site "Finistere"]
[Date "2003.12.20"]
[Round "3.7"]
[White "Bertrand, Nicolas"]
[Black "Ben Khelil, Akram"]
[Result "1-0"]
[WhiteElo "1980"]
[BlackElo "1490"]
[PlyCount "41"]
[EventDate "2003.10.??"]
[EventType "team-swiss"]
[EventRounds "6"]
[EventCountry "FRA"]
[SourceTitle "EXT 2005"]
[Source "ChessBase"]
[SourceDate "2004.11.15"]
[SourceVersion "1"]
[SourceVersionDate "2004.11.15"]
[SourceQuality "1"]

1. e4 e6 2. d4 d5 3. Nc3 Nf6 4. Bg5 Be7 5. e5 Nfd7 6. h4 c5 7. Bxe7 Qxe7 8. Nb5 Nb6 9. Nd6+ Kf8 10. dxc5 N6d7 11. Nxc8 Qxc5 12. Nd6 Qb4+ 13. c3 Qxb2 14. Nb5 Nxe5 15. Rb1 Qxa2 16. Nc7 Qa5 17. Nxa8 Qxc3+ 18. Qd2 Qc8 19. Qb4+ Ke8 20. Rh3 Na6 21. Qxb7 1-0

[Event "Finistere-chT 0304"]
[Site "Finistere"]
[Date "2003.11.29"]
[Round "2.1"]
[White "Kerebel, Regis"]
[Black "Bertrand, Nicolas"]
[Result "1-0"]
[WhiteElo "1650"]
[BlackElo "1980"]
[PlyCount "61"]
[EventDate "2003.10.??"]
[EventType "team-swiss"]
[EventRounds "6"]
[EventCountry "FRA"]
[SourceTitle "EXT 2005"]
[Source "ChessBase"]
[SourceDate "2004.11.15"]
[SourceVersion "1"]
[SourceVersionDate "2004.11.15"]
[SourceQuality "1"]

1. e4 Nf6 2. e5 Nd5 3. Nc3 Nxc3 4. bxc3 d5 5. d4 c5 6. Nf3 Bg4 7. Rb1 Qc7 8. Bb5+ Nc6 9. h3 Bh5 10. g4 Bg6 11. e6 0-0-0 12. Bxc6 Qxc6 13. 0-0 h5 14. exf7 Bxf7 15. Ne5 Qf6 16. Bg5 Qe6 17. f4 Be8 18. f5 Qa6 19. dxc5 Qa3 20. Qd4 hxg4 21. h4 Rh5 22. Rb3 Qa6 23. Rfb1 Bc6 24. Nxc6 Qxc6 25. Rxb7 Qxb7 26. Rxb7 Kxb7 27. c6+ Kxc6 28. Qxa7 Rxg5 29. Qa6+ Kd7 30. hxg5 Ke8 31. Qg6+ 1-0

[Event "FRA-chT4 0001"]
[Site "Bretagne"]
[Date "2001.01.14"]
[Round "4"]
[White "Le Berre, Florian"]
[Black "Bertrand, Nicolas"]
[Result "0-1"]
[WhiteElo "1760"]
[BlackElo "1870"]
[PlyCount "80"]
[EventDate "2000.10.??"]
[EventType "team-tourn"]
[EventRounds "7"]
[EventCountry "FRA"]
[SourceTitle "EXT 2005"]
[Source "ChessBase"]
[SourceDate "2004.11.15"]
[SourceVersion "1"]
[SourceVersionDate "2004.11.15"]
[SourceQuality "1"]

1. e4 Nf6 2. Nc3 d5 3. e5 Ne4 4. d4 Nxc3 5. bxc3 c5 6. f4 Nc6 7. Nf3 Bg4 8. Bb5 Qa5 9. Bxc6+ bxc6 10. Bd2 Qa4 11. 0-0 Bf5 12. Qb1 Bxc2 13. Qb7 Rd8 14. e6 f6 15. dxc5 Bd3 16. Rfc1 Qa6 17. Qc7 Qc8 18. Qxa7 Qxe6 19. Nd4 Qd7 20. Qxd7+ Kxd7 21. f5 g6 22. fxg6 hxg6 23. Nc2 e5 24. Be3 Bxc2 25. Rxc2 Rb8 26. a4 Ke6 27. a5 Rh7 28. a6 Ra7 29. Kf2 f5 30. Ke2 Be7 31. h3 Bf6 32. Kf3 Rb3 33. Ke2 g5 34. Bf2 d4 35. Ra4 dxc3 36. Kd3 e4+ 37. Kc4 Rb2 38. Ra2 Rxc2 39. Rxc2 Rxa6 40. Kb4 Ra1 0-1